000 00884nam a2200217Ia 4500
999 _c53024
_d53024
001 20057
003 GE_BSU
005 20250415152613.0
008 181216s2016||||ge |||||||||||||| ||geo||
040 _cGE_BSU
041 _ageo
080 _a342.4(479.22) ს-32
245 _aსაქართველოს კონსტიტუცია :
_b2016 წლის 11 მარტის მდგომარეობით.
264 _aთბილისი :
_bბონა კაუზა,
_c2016.
300 _a69 გვ. ;
_c21სმ.
490 _aიურისტის ბიბლიოთეკა
541 _h5 ლ.
653 _aსამართამცოდნეობა
653 _aსაქართველოს კონსტიტუცია. 2016 წლის 11 მარტის მდგომარეობით
942 _cBK
_2udc